| 000 | 01515nam2a22002531 4500 | ||
|---|---|---|---|
| 001 | rc\1136444 | ||
| 005 | 20250612174953.0 | ||
| 035 | _a(NLR Aleph) 008763202 | ||
| 090 |
_a7878064 _c7878064 |
||
| 100 | _a20041129d1980 |||y0rusy50 ca | ||
| 101 | 0 | _arus | |
| 102 | _aRU | ||
| 105 | _aa ||||||||| | ||
| 200 | 1 | _aБерлинская (Потсдамская) конференция руководителей трех союзных держав - СССР, США и Великобритании (17 июля - 4 августа 1945 г.) | |
| 210 |
_d1980 _aБ. м. |
||
| 215 | _a551 с., 2 л. ил. | ||
| 320 | _aУказ. предм.-темат. и имен: с. 529-539 | ||
| 461 | 0 |
_1001rc\1136442 _12001#$aСоветский Союз на международных конференциях периода Великой Отечественной войны 1941-1945 гг.$eСб. документов$e[В 6-ти т.]$fМ-во иностр. дел СССР$g[Гл. ред. комис.: А.А. Громыко (гл. ред.) и др.]$vТ. 6 _97935207 _cМ. _d1980- _fМ-во иностр. дел СССР _nПолитиздат _oСб. документов : [В 6-ти т.] _tСоветский Союз на международных конференциях периода Великой Отечественной войны 1941-1945 гг. _vТ. 6 |
|
| 801 | 0 |
_aRU _bNLR _gpsbo |
|
| 801 | 1 |
_aRU _bELAR _2rusmarc |
|
| 801 | 2 |
_aRU _bNLR _c20050519 _2rusmarc |
|
| 852 |
_aNLR _j79-3/546 |
||
| 942 | _cBOOK | ||
| 980 | _aNB | ||